Statistics for Countries Of South America In Order By Population

Click here to take the quiz!

General Stats

  • This quiz has been taken 57 times
  • The average score is 11 of 12

Answer Stats

RankCountryPopulation% Correct
6Chile19,202,000
100%
2Colombia51,102,000
100%
5Venezuela28,109,000
100%
3Argentina45,250,000
98%
1Brazil212,814,000
98%
4Peru33,097,000
98%
7Ecuador17,699,000
88%
9Paraguay7,144,000
86%
8Bolivia11,692,000
84%
10Uruguay3,475,000
84%
11Guyana786,000
80%
12Suriname587,000
78%

Score Distribution

Percentile by Number Answered

Percent of People with Each Score

Your Score History

You have not taken this quiz